00765nam a2200181 a 450000100100000000500170001000800410002702000150006804000250008308200160010824501600012426000800028430000280036470000480039204900090044095201190044999900150056800000536120200929151643.0090819s1979 sp a 001 0 spa d a8400045645 aDO-SdBNPbspacBNPHU axxxxbH557i03aLa investigación científica y el problema agrario :bjornadas internacionales de organización científica /cedición Valetin Hernando Fernández. aMadrid, España :bAsociación de personal investigador del CSIC.,c1979. a400 p. :bil. ;c27 cm.1 aHernando Fernández, Valentin,eed.915208 aBNPD 001054708MOaGRbGRcHDd2009-08-19iLF1l0oxxxx H557ip5361-10r2020-06-25w2020-06-25y4ZPréstamo en sala c5161d5161